zpět

Detail výsledku týmu

Dělnický dům, Jihlava

Datum a čas kvízu

28 Celkem bodů Celkový počet nahraných bodů na tomto kvízu bez doplňovacích otázek.
5. Pořadí na kvízu Konečné umístění týmu na tomto kvízu.

Zaznamenané odpovědi

# Otázka Odpověď Body Výsledky
1. Ve Všetatech na Mělnicku byl v... Jan Palach 1
2. Nobelovu cenu míru získal muž... Etiopie, premiér 0.5
3. Hudební svět přišel o další le... Cream 1
4. Společnost Adobe minulý týden... Venezuela 0
5. 129. ročník jednoho z nejtěžší... Theophilos, Josef Bartoš 0
6. Téma o Brazílii zvítězilo ve f... USA, Čína 0
7. Pokud bychom chtěli v říjnu 20... v Curychu 0
8. Tento světově proslulý brazils... Oscar Niemeyer 0
9. Typické brazilské jídlo se jme... fazole 1
10. Co se týče slavných osobností,... Adriana Lima 0